Responses for Show #6994 - Thursday, January 29, 2015

Contestants

[<< previous game]

Karen Ash, a business analyst from Brooklyn, New York

Amy Schmidt, a psychometrician from Doylestown, Pennsylvania

Marissa Edelman, an attorney from Philadelphia, Pennsylvania (whose 1-day cash winnings total $9,400)

[next game >>]

Jeopardy! Round responses

NOBEL PEACE PRIZE WINNERS' HOME COUNTRIES
CROSSWORD CLUES "Z"
ABOUT TIME
FILM SONGS
(Alex: ...we want you to name the first movie that popularized each film song.)
COLORS OF THE RAINBOW
(Alex: [From on location] A visit to...)
THE NATIONAL SEPTEMBER 11 MEMORIAL & MUSEUM
    $200 26
the U.S.S.R.

Marissa
    $200 1
zombie

Karen
    $200 17
8:15 P.M.

Karen
    $200 6
Saturday Night Fever

Amy
    $200 11
the Green Party

Marissa
    $200 16
tridents

Marissa
    $400 27
(Karen: What is East Germany?)

West Germany

AmyKaren
    $400 2
Zeus

Marissa
    $400 22
a sundial

Karen
    $400 7
The Graduate

Amy
    $400 12
Blue

Amy
    $400 18
the Hudson River

Marissa
    $600 28
(Marissa: What is Denmark?)
(Karen: What is Norway?)
(Amy: What is Amsterdam?)

Sweden

MarissaAmyKaren
Triple Stumper
    $600 3
Zürich

Marissa
    $600 23
the shot clock

Marissa
    $600 8
Grease

Karen
    $600 13
the Yellow Sea

Karen
    $600 19
Ground Zero

Marissa
    $1,000 29
(Amy: Oh, oh, oh, oh. Ohh. What is Egypt?)

Ghana

Amy
    $800 4
zenith

Karen
    $800 24
Easter

Karen
    $800 9
A League of Their Own

Karen
    $800 14
Orange

Amy
    $800 20
(Amy: What is the Pennsylvania Police Department?)

the Port Authority

AmyKaren
    $1000 30
Northern Ireland

Marissa
    $1000 5
(Alex: Émile [*], you got him.)

Zola

Karen
    $1000 25
(Amy: What is a Julian calendar?)

the Gregorian calendar

AmyKaren
    $1000 10
Bonnie and Clyde

Marissa
    $1000 15
Indigo

Karen
    $1000 21
(Marissa: What is Islamabad?)
...
(Alex: We thank the people at the 9/11 Museum for helping us with all those clues.)

Abbottabad

Marissa
Triple Stumper

Scores at the first commercial break (after clue 15):

Marissa Amy Karen
$2,200 $1,800 $5,000

Scores at the end of the Jeopardy! Round:

Marissa Amy Karen
$3,600 -$1,200 $7,200

Double Jeopardy! Round responses

ITALIAN CITIES & TOWNS
MUSICAL IDIOMS
A FORCE OF NATURE
POETS & POETRY
TV SHOWS BY FAMILY
(Alex: We'll give you the family members.)
BANKING & FINANCE
    $400 26
(Alex: Good, with less than a minute now.)

Verona

Marissa
    $400 1
a song

Karen
    $400 16
a newton

Karen
    $400 9
Paul Revere

Marissa
    $400 2
The Flintstones

Amy
    $400 8
collateral

Marissa
    $800 27
(Karen: What is Gallipoli?)

Naples

Karen
Triple Stumper
    $800 3
second fiddle

Marissa
    $800 20
buoyancy

Marissa
    $800 10
Elizabeth Barrett Browning

Karen
    $800 4
[ERRATUM: The character's name was "George Michael Bluth", not 'George-Michael Bluth".]
[NOTE: This was the 275,000th clue entered into the J! Archive, on 2015-02-03.]

Arrested Development

Karen
    $800 12
too big to fail

Amy
    $1200 28
Siena

Karen
    $1200 13
all that jazz

Marissa
    $1200 21
gravity

Amy
    $1200 11
Dante

Karen
    $1200 5
The Goldbergs

Triple Stumper
    $1200 17
depreciation

Marissa
    $5,000 29
(Alex: Yes, indeed. From The Godfather.)

Corleone

Karen
    $2,500 14
strike a chord

Marissa
    $1600 22
a vector

Amy
    $1600 24
it might have been

Triple Stumper
    $1600 6
(Marissa: What is The Middle?)

Parenthood

Marissa
Triple Stumper
    $1600 18
$250,000

Karen
    $2000 30
(Amy: What is Venice?)
(Marissa: What is Rome?)

Florence

MarissaAmy
Triple Stumper
    $2000 15
unring that bell

Marissa
    $2000 23
drag

Triple Stumper
    $2000 25
Percy Bysshe Shelley

Triple Stumper
    $2000 7
Shameless

Karen
    $2000 19
an option

Karen

Scores at the end of the Double Jeopardy! Round:

Marissa Amy Karen
$9,700 $800 $21,800
(lock game)

[wagering suggestions for these scores]

Final Jeopardy! Round responses

RANKS & TITLES
(Alex: [To Karen] ...representative of the Queen in India.)
AmyWhat is Lord Governor?
$800
MarissaWhat is Raj?
$8,500
KarenWhat is Viceroy of India?
$1,800
Viceroy of India

Final scores:

Marissa Amy Karen
$1,200 $0 $23,600
2nd place: $2,000 3rd place: $1,000 New champion: $23,600

Game dynamics:

Coryat scores:

Marissa Amy Karen
$8,800 $1,800 $18,400
19 R
(including 1 DD),
4 W
9 R,
5 W
(including 1 DD)
22 R
(including 1 DD),
3 W

Combined Coryat: $29,000

[game clues] [game scores] [suggest correction]

Game tape date: 2014-12-03
The J! Archive is created by fans, for fans. Scraping, republication, monetization, and malicious use prohibited; this site may use cookies and collect identifying information. See terms. The Jeopardy! game show and all elements thereof, including but not limited to copyright and trademark thereto, are the property of Jeopardy Productions, Inc. and are protected under law. This website is not affiliated with, sponsored by, or operated by Jeopardy Productions, Inc. Join the discussion at JBoard.tv.